000 00663 a2200217 4500
020 _a0201558025
020 _a0201558025
040 _aLibrary of Congress
_bEnglish
082 0 0 _a510
100 1 _aGraham, Ronald L.,
245 1 0 _aConcrete mathematics : a foundation for computer science
_cRonald L. Graham, Donald E. Knuth, Oren Patashnik.
250 _a2nd ed.
260 _aReading, Mass. :
_bAddison-Wesley,
_cc1994.
300 _axiii, 657 p. :
_bill. ;
_c24 cm.
500 _aIndian print
650 0 _aMathematics.
650 0 _aComputer science
700 1 _aKnuth, Donald Ervin,
_d1938-
700 1 _aPatashnik, Oren.
942 _cBK
_k510 GRA
_2ddc
999 _c7447
_d7447